| 000 -LEADER |
| fixed length control field |
00721cam a2200217 a 4500 |
| 001 - CONTROL NUMBER |
| control field |
1660 |
| 003 - CONTROL NUMBER IDENTIFIER |
| control field |
BD-DhUAP |
| 005 - DATE AND TIME OF LATEST TRANSACTION |
| control field |
20210119110734.0 |
| 008 - FIXED-LENGTH DATA ELEMENTS--GENERAL INFORMATION |
| fixed length control field |
931217s1994 iaua 001 0 eng |
| 020 ## - INTERNATIONAL STANDARD BOOK NUMBER |
| International Standard Book Number |
0697239640 |
| 040 ## - CATALOGING SOURCE |
| Original cataloging agency |
DLC |
| Transcribing agency |
DLC |
| Modifying agency |
BD-DhUAP |
| Language of cataloging |
eng |
| 082 00 - DEWEY DECIMAL CLASSIFICATION NUMBER |
| Classification number |
005.365 FRI |
| Edition number |
23 |
| 100 1# - MAIN ENTRY--PERSONAL NAME |
| Personal name |
Erickson, Fritz J. |
| 245 10 - TITLE STATEMENT |
| Title |
Microcomputer applications with DOS 5.0, WordPerfect 5.1, Lotus 1-2-3 Release 2.3, and dBase IV 1.5 / |
| Statement of responsibility, etc. |
Fritz J. Erickson and John A. Vonk. |
| 260 ## - PUBLICATION, DISTRIBUTION, ETC. |
| Place of publication, distribution, etc. |
Dubuque, IA : |
| Name of publisher, distributor, etc. |
Business and Educational Technologies, |
| Date of publication, distribution, etc. |
c1994. |
| 300 ## - PHYSICAL DESCRIPTION |
| Extent |
various pages : |
| Other physical details |
illustrations ; |
| Dimensions |
28 cm. |
| 500 ## - GENERAL NOTE |
| General note |
Includes index. |
| 650 #0 - SUBJECT ADDED ENTRY--TOPICAL TERM |
| Topical term or geographic name entry element |
Application software. |
| 700 1# - ADDED ENTRY--PERSONAL NAME |
| Personal name |
Vonk, John A. |
| 942 ## - ADDED ENTRY ELEMENTS (KOHA) |
| Source of classification or shelving scheme |
|
| Koha item type |
Book |